| 000 | 00357nam a2200157Ia 4500 | ||
|---|---|---|---|
| 001 | 17435 | ||
| 003 | IN-NITTTR | ||
| 005 | 20251114233205.0 | ||
| 008 | 251113s9999||||xx |||||||||||||| ||eng|| | ||
| 040 | _beng | ||
| 040 | _cIN-NITTTR | ||
| 041 | _aeng | ||
| 082 | _a025.04 A95 | ||
| 245 | 0 | _aAdvances in library and information sciences / | |
| 942 |
_2ddc _cBK |
||
| 999 |
_c20069 _d20069 |
||